Ética médica : una breve introducción /

Bibliographic Details
Main Authors: Dunn, Michael, 1980- (Author), Hope, R. A. (Author)
Other Authors: Otero-Piñeiro, Dulcinea (Translator)
Format: Electronic eBook
Language:Spanish
English
Published: Barcelona : Antoni Bosch editor, [2022]
Edition:Segunda edición.
Subjects:
Online Access:Digitalia Hispánica

MARC

LEADER 00000nam a2200000Ii 4500
001 DIGANBSCH0044
003 NyNyDIG
006 m o d
007 cr |||||||||||
008 240103s2022 sp a ob 001 0 spa d
035 |a (OCoLC)1417820845 
040 |a DGITA  |b eng  |e rda  |e pn  |c DGITA 
020 |a 9788412407600  |q eBook 
020 |z 9788412244397 
041 1 |a spa  |h eng 
050 1 4 |a R724 ebook 
082 0 4 |a 174.2  |2 23 
100 1 |a Dunn, Michael,  |d 1980-  |e author. 
240 1 0 |a Medical ethics.  |l Spanish  |s (Otero-Piñeiro) 
245 1 0 |a Ética médica :  |b una breve introducción /  |c Michael Dunn, Tony Hope ; traducción de Dulcinea Otero-Piñeiro. 
250 |a Segunda edición. 
264 1 |a Barcelona :  |b Antoni Bosch editor,  |c [2022] 
300 |a 1 online resource :  |b illustrations. 
336 |a text  |b txt  |2 rdacontent 
337 |a computer  |b c  |2 rdamedia 
338 |a online resource  |b cr  |2 rdacarrier 
347 |a text file  |2 rdaft 
347 |b EPUB 
504 |a Includes bibliographical references and index. 
588 0 |a Online resource; title from ePub title page (Digitalia, viewed January 3, 2024) 
650 0 |a Medical ethics. 
700 1 |a Hope, R. A.,  |e author. 
700 1 |a Otero-Piñeiro, Dulcinea,  |e translator.  
700 1 |i Translation of:  |a Dunn, Michael,  |d 1980-  |t Medical ethics. 
791 2 |a Digitalia (Firm),  |e distributor. 
793 0 |g Digitalia eBook Collection:  |a Antoni Bosch Editor 
776 0 8 |i Print version:  |a Dunn, Michael, 1980-  |s Medical ethics. Spanish (Otero-Piñeiro).  |t Ética médica.  |b Segunda edición.  |d Barcelona : Antoni Bosch editor, [2022]  |z 9788412244397 
856 4 0 |3 Digitalia Hispánica  |u https://www.digitaliapublishing.com/a/121619/ 
910 |a Premium collection: 2024